Statystyki dla Największe aglomeracje w Belgii

Kliknij tutaj aby rozwiązać quiz!

Ogólne statystyki

  • Ten quiz został rozwiązany 68 razy
  • Średni wynik to 5 z 10

Statystyki odpowiedzi

MiejsceMieszkańcyNazwa% Poprawnych
1.1 624 000Region Stołeczny Brukseli
100%
2.1 200 000Aglomeracja Antwerpska
94%
6.118 284Aglomeracja Brugijska
65%
3.500 000Aglomeracja Liège
54%
5.291 000Aglomeracja Charleroi
48%
4.302 000Aglomeracja Gandawska
48%
7.110 939Aglomeracja Namur
30%
9.95 299Aglomeracja Mons
21%
8.101 396Aglomeracja Leuven
17%
10.86 304Aglomeracja Mechelen
16%

Rozkład punktacji

Percentyl według liczby udzielonych odpowiedzi

Procent ludzi z każdym wynikiem

Twoja historia wyników

Nie rozwiązałeś tego quizu